[Event "GER HS-164 email"]
[Site "GER email"]
[Date "2014.04.26"]
[Round "?"]
[White "Lenaif, Sven Peter"]
[Black "Mair, Egon"]
[Result "1-0"]
[WhiteElo "1856"]
[BlackElo "1791"]
[PlyCount "93"]
[EventDate "2014.05.05"]
[EventType "tourn (corr)"]
[EventRounds "6"]
[EventCountry "GER"]
[SourceTitle "Corr 2020"]
[Source "ChessBase"]
[SourceDate "2019.09.30"]
[SourceVersion "1"]
[SourceVersionDate "2019.09.30"]
[SourceQuality "1"]

1. d4 Nf6 2. c4 e6 3. Nf3 Bb4+ 4. Bd2 a5 5. g3 0-0 6. Bg2 b6 7. 0-0 Bb7 8. Bf4 Be7 9. Nc3 Ne4 10. Qc2 Nxc3 11. bxc3 f5 12. Ne1 Bxg2 13. Nxg2 Nc6 14. e4 fxe4 15. Qxe4 Bf6 16. Rae1 Ne7 17. g4 Ng6 18. Bg3 c6 19. f4 a4 20. Ne3 Bh4 21. Rf2 Qc7 22. Ng2 Bxg3 23. hxg3 Rae8 24. Ne3 d5 25. Qc2 b5 26. c5 Qf7 27. g5 Rb8 28. a3 Rbe8 29. Kg2 Qa7 30. Ng4 Qf7 31. Rh1 Qf5 32. Ne3 Qxc2 33. Nxc2 Re7 34. Ne3 Rfe8 35. Ng4 Nf8 36. Ne5 Rc7 37. Kf3 Nd7 38. Ng4 Nf8 39. Rfh2 Ree7 40. Ne5 g6 41. Ng4 Nd7 42. Re1 Kh8 43. Rhe2 Nf8 44. Nh6 Rg7 45. g4 Rc8 46. f5 Re7 47. f6 1-0

[Event "GER HS-164 email"]
[Site "GER email"]
[Date "2014.04.26"]
[Round "?"]
[White "Mair, Egon"]
[Black "Moelder, Bernd"]
[Result "1-0"]
[WhiteElo "1791"]
[BlackElo "2033"]
[PlyCount "87"]
[EventDate "2014.05.05"]
[EventType "tourn (corr)"]
[EventRounds "6"]
[EventCountry "GER"]
[SourceTitle "Corr 2020"]
[Source "ChessBase"]
[SourceDate "2019.09.30"]
[SourceVersion "1"]
[SourceVersionDate "2019.09.30"]
[SourceQuality "1"]

1. e4 c6 2. d4 d5 3. e5 Bf5 4. Nf3 e6 5. Be2 Nd7 6. 0-0 Ne7 7. a4 c5 8. c4 cxd4 9. Nxd4 dxc4 10. Nd2 Nxe5 11. Nxc4 Nxc4 12. Bxc4 a6 13. Bg5 h6 14. Be3 Be4 15. Qh5 Ng6 16. Rad1 Qc7 17. Qg4 Qxc4 18. Qxe4 Rb8 19. b3 Qb4 20. h4 h5 21. Qc2 Qc5 22. Qb1 Qe5 23. Rfe1 Bb4 24. Nxe6 Bxe1 25. Rxe1 fxe6 26. Bg5 0-0 27. Rxe5 Nxe5 28. Qe4 Nc6 29. Qxe6+ Rf7 30. f3 Rbf8 31. Be3 Rd8 32. Bc5 a5 33. Kh2 Rdd7 34. Qe4 Rd8 35. Kh3 Rdd7 36. g3 Nb4 37. Bxb4 axb4 38. f4 Rfe7 39. Qxb4 Re3 40. Qc4+ Kh7 41. Qc5 Rdd3 42. Qxh5+ Kg8 43. Qg6 Rxb3 44. f5 1-0

[Event "GER HS-163 email"]
[Site "GER email"]
[Date "2014.04.03"]
[Round "?"]
[White "Mair, Egon"]
[Black "Koltzsch, Klaus"]
[Result "0-1"]
[WhiteElo "1791"]
[BlackElo "1892"]
[PlyCount "80"]
[EventDate "2014.04.11"]
[EventType "tourn (corr)"]
[EventRounds "6"]
[EventCountry "GER"]
[SourceTitle "Corr 2020"]
[Source "ChessBase"]
[SourceDate "2019.09.30"]
[SourceVersion "1"]
[SourceVersionDate "2019.09.30"]
[SourceQuality "1"]

1. e4 c5 2. Nf3 d6 3. d4 cxd4 4. Nxd4 Nc6 5. Nc3 Nf6 6. Bg5 e6 7. Qd2 a6 8. 0-0-0 Bd7 9. f4 b5 10. Bxf6 gxf6 11. Kb1 Qb6 12. Nce2 Rc8 13. g3 b4 14. Bg2 a5 15. Nxc6 Qxc6 16. Nd4 Qc5 17. Rhe1 a4 18. Re3 Bg7 19. c3 Rb8 20. cxb4 Qxb4 21. Rc3 f5 22. e5 0-0 23. a3 Qb6 24. Nc6 dxe5 25. Nxb8 Rxb8 26. b4 e4 27. Rcc1 Rd8 28. Bf1 Bf6 29. Qe1 Kg7 30. Rc5 Be8 31. Rxd8 Qxd8 32. Qe3 Bd4 33. Qd2 e3 34. Qd3 f6 35. Rc2 Qd5 36. Qc4 Qf3 37. Be2 Qh1+ 38. Rc1 Qxh2 39. b5 Bb6 40. Rc2 Qg1+ 0-1

[Event "GER OS-230 email"]
[Site "GER email"]
[Date "2013.11.20"]
[Round "?"]
[White "Mair, Egon"]
[Black "Heilmann, Uwe"]
[Result "1/2-1/2"]
[WhiteElo "1682"]
[BlackElo "1797"]
[PlyCount "46"]
[EventDate "2013.12.02"]
[EventType "tourn (corr)"]
[EventRounds "6"]
[EventCountry "GER"]
[SourceTitle "Corr 2015"]
[Source "ChessBase"]
[SourceDate "2015.07.17"]
[SourceVersion "1"]
[SourceVersionDate "2015.07.17"]
[SourceQuality "1"]

1. d4 Nf6 2. c4 e6 3. Nf3 b6 4. a3 Ba6 5. Qc2 Bb7 6. Nc3 c5 7. e4 cxd4 8. Nxd4 Nc6 9. Nxc6 Bxc6 10. Bf4 Bc5 11. Be2 0-0 12. 0-0-0 Ne8 13. Bg3 e5 14. f3 Bd4 15. Rhf1 Qe7 16. Bf2 Bxf2 17. Rxf2 Nc7 18. Nd5 Bxd5 19. exd5 Rac8 20. d6 Qh4 21. g3 Qg5+ 22. Qd2 Qxd2+ 23. Kxd2 Ne6 1/2-1/2

[Event "GER OS-230 email"]
[Site "GER email"]
[Date "2013.11.20"]
[Round "?"]
[White "Mair, Egon"]
[Black "Horst, Lothar"]
[Result "1-0"]
[WhiteElo "1682"]
[BlackElo "1821"]
[PlyCount "147"]
[EventDate "2013.12.02"]
[EventType "tourn (corr)"]
[EventRounds "6"]
[EventCountry "GER"]
[SourceTitle "Corr 2015"]
[Source "ChessBase"]
[SourceDate "2015.07.17"]
[SourceVersion "1"]
[SourceVersionDate "2015.07.17"]
[SourceQuality "1"]

1. d4 Nf6 2. c4 e6 3. Nf3 b6 4. a3 Bb7 5. Nc3 d5 6. cxd5 Nxd5 7. e3 Be7 8. Bb5+ c6 9. Bd3 Nxc3 10. bxc3 c5 11. 0-0 0-0 12. e4 Nd7 13. Qe2 Rc8 14. a4 cxd4 15. cxd4 h6 16. Bd2 Nb8 17. a5 Nc6 18. axb6 axb6 19. Ra4 Ra8 20. Rxa8 Bxa8 21. Bc3 Bb4 22. Bb2 Qe7 23. Rb1 Rd8 24. h3 Bb7 25. Ba6 Bd6 26. Bc3 Nb8 27. Bb5 Rc8 28. Bd2 Qd8 29. Qd3 Be7 30. Ne5 Bf6 31. Be3 Bxe5 32. dxe5 Qxd3 33. Bxd3 Nd7 34. Bd4 Ra8 35. f3 Bc6 36. Bf1 Rb8 37. Rc1 Ba4 38. Rc7 g5 39. Ra7 Bc6 40. Kf2 Rc8 41. Ba6 Ra8 42. Rxa8+ Bxa8 43. Bb5 Nb8 44. Bxb6 Nc6 45. Bc7 Kg7 46. Ke3 Nb4 47. Bd6 Nc2+ 48. Kd2 Nd4 49. Bc4 Bc6 50. Kc3 Nxf3 51. gxf3 Ba4 52. Kd4 Bd1 53. Ke3 Ba4 54. Be2 Bc6 55. Be7 Kg6 56. Kf2 Ba4 57. h4 gxh4 58. Bxh4 Bc6 59. Kg3 Ba4 60. Bd3 Bd7 61. Bf6 Be8 62. f4 Bd7 63. Kg4 Ba4 64. f5+ Kh7 65. Bc4 Bd7 66. Kf4 Kg8 67. Be7 Bc8 68. Be2 Bb7 69. fxe6 fxe6 70. Bh5 Bc6 71. Ke3 Ba4 72. Kd4 Bc6 73. Bf3 Kf7 74. Kc5 1-0

[Event "GER OS-230 email"]
[Site "GER email"]
[Date "2013.11.20"]
[Round "?"]
[White "Schmielewski, Frank"]
[Black "Mair, Egon"]
[Result "0-1"]
[WhiteElo "1673"]
[BlackElo "1682"]
[PlyCount "114"]
[EventDate "2013.12.02"]
[EventType "tourn (corr)"]
[EventRounds "6"]
[EventCountry "GER"]
[SourceTitle "Corr 2015"]
[Source "ChessBase"]
[SourceDate "2015.07.17"]
[SourceVersion "1"]
[SourceVersionDate "2015.07.17"]
[SourceQuality "1"]

1. e4 c5 2. f4 d6 3. Nc3 Nc6 4. Bb5 Bd7 5. Nf3 g6 6. d4 cxd4 7. Nxd4 Bg7 8. Be3 Nf6 9. Be2 Rc8 10. 0-0 0-0 11. Nb3 a6 12. Rb1 b5 13. a3 Be6 14. Nd4 Nxd4 15. Bxd4 Bc4 16. Bxc4 Rxc4 17. b3 Rc6 18. Qf3 e6 19. e5 dxe5 20. Qxc6 Qxd4+ 21. Kh1 exf4 22. Rbd1 Qe5 23. Rde1 Qf5 24. Ne2 e5 25. Qxa6 Qxc2 26. Qxb5 Ng4 27. Rc1 Qd2 28. a4 Bf6 29. a5 Ne3 30. Rg1 Bh4 31. Ra1 Ng4 32. Rgf1 Nf2+ 33. Rxf2 Bxf2 34. Qxe5 Be3 35. Qb5 Rd8 36. Ng1 Rd5 37. Qf1 Rxa5 38. Rxa5 Qxa5 39. Nf3 g5 40. b4 Qf5 41. Qd1 g4 42. Ne1 h5 43. Qd8+ Kg7 44. Qa5 Kg6 45. Qa6+ Qe6 46. Qd3+ Kg7 47. Qb5 Kh6 48. Qd3 Bb6 49. Qf1 Qe4 50. b5 Kg5 51. Nd3 f3 52. gxf3 gxf3 53. Nf2 Qe2 54. Qxe2 fxe2 55. Nd3 Kf5 56. Kg2 Ke4 57. Ne1 f5 0-1

[Event "GER OS-223 email"]
[Site "GER email"]
[Date "2013.08.19"]
[Round "?"]
[White "Mair, Egon"]
[Black "Baier, Joerg"]
[Result "1/2-1/2"]
[WhiteElo "1682"]
[BlackElo "1931"]
[PlyCount "62"]
[EventDate "2013.08.30"]
[EventType "tourn (corr)"]
[EventRounds "6"]
[EventCountry "GER"]
[SourceTitle "Corr 2015"]
[Source "ChessBase"]
[SourceDate "2015.07.17"]
[SourceVersion "1"]
[SourceVersionDate "2015.07.17"]
[SourceQuality "1"]

1. d4 Nf6 2. c4 g6 3. Nc3 d5 4. cxd5 Nxd5 5. e4 Nxc3 6. bxc3 Bg7 7. Nf3 c5 8. Be3 Qa5 9. Nd2 cxd4 10. cxd4 Nc6 11. d5 Nd4 12. Rb1 Bd7 13. Bd3 Ba4 14. Qc1 0-0 15. 0-0 Rfc8 16. Nc4 Qa6 17. Bxd4 Bxd4 18. Qd2 Bb5 19. Rxb5 Qxb5 20. Nd6 Qa4 21. Nxc8 Rxc8 22. g3 Rc3 23. Rd1 Qa3 24. Kg2 Kg7 25. Be2 Be5 26. f4 Bd6 27. Rb1 b6 28. Qb2 f6 29. Qxa3 Rxa3 30. Rb2 h6 31. Bb5 g5 1/2-1/2

[Event "GER-ch62 V04 email"]
[Site "GER email"]
[Date "2011.??.??"]
[Round "?"]
[White "Mair, Egon"]
[Black "Bars, Joachim"]
[Result "0-1"]
[WhiteElo "1829"]
[BlackElo "2146"]
[PlyCount "84"]
[EventDate "2011.01.01"]
[EventType "tourn (corr)"]
[EventRounds "6"]
[EventCountry "GER"]
[SourceTitle "Corr 2015"]
[Source "ChessBase"]
[SourceDate "2015.07.17"]
[SourceVersion "1"]
[SourceVersionDate "2015.07.17"]
[SourceQuality "1"]

1. e4 c5 2. Nf3 d6 3. d4 cxd4 4. Nxd4 Nf6 5. Nc3 g6 6. Be3 Bg7 7. Be2 0-0 8. 0-0 Nc6 9. Nb3 Be6 10. f4 Rc8 11. f5 Bd7 12. Qd2 Ne5 13. Bxa7 b6 14. Qe3 Rc6 15. Nd4 Rc7 16. Bxb6 Rxc3 17. Bxd8 Rxe3 18. Bxe7 Rc8 19. Bxf6 Bxf6 20. fxg6 Nf3+ 21. Bxf3 Bxd4 22. Rad1 Ba7 23. gxh7+ Kh8 24. Kh1 Rxc2 25. Rb1 Bd4 26. b4 Bb5 27. Rfd1 Be5 28. Bh5 Rxe4 29. Rbc1 Rxc1 30. Rxc1 Rh4 31. Bxf7 Rxh2+ 32. Kg1 Rxh7 33. Rc8+ Kg7 34. Bc4 Bd4+ 35. Kf1 Rh1+ 36. Ke2 Rc1 37. Rg8+ Kh7 38. Bxb5 Kxg8 39. Kd2 Rc3 40. Be2 Kg7 41. Bd1 Kf6 42. b5 Ke5 0-1

[Event "GER OL-258 email"]
[Site "GER email"]
[Date "2011.??.??"]
[Round "?"]
[White "Mair, Egon"]
[Black "Luethi, Thomas"]
[Result "1-0"]
[WhiteElo "1829"]
[BlackElo "1800"]
[PlyCount "91"]
[EventDate "2010.11.01"]
[EventType "tourn (corr)"]
[EventRounds "6"]
[EventCountry "GER"]
[SourceTitle "Corr 2015"]
[Source "ChessBase"]
[SourceDate "2015.07.17"]
[SourceVersion "1"]
[SourceVersionDate "2015.07.17"]
[SourceQuality "1"]
[WhiteTeam "Germany"]
[BlackTeam "Germany"]
[WhiteTeamCountry "GER"]
[BlackTeamCountry "GER"]

1. d4 Nf6 2. c4 e5 3. dxe5 Ng4 4. e4 d6 5. exd6 Bxd6 6. Be2 f5 7. exf5 Ne5 8. c5 Bxc5 9. Qxd8+ Kxd8 10. Bg5+ Be7 11. Bxe7+ Kxe7 12. Nf3 Nec6 13. Nc3 Bxf5 14. 0-0-0 Nd7 15. Bb5 Bg4 16. Rhe1+ Kf8 17. Bxc6 bxc6 18. Rd2 Re8 19. Rxe8+ Kxe8 20. Nd4 Nb8 21. Ne4 Kf7 22. f3 Re8 23. Rd3 Bc8 24. Rb3 Ba6 25. Ra3 Kg6 26. Nc5 Bf1 27. Rxa7 Bxg2 28. Rxc7 h6 29. Kd2 Kf6 30. Ne4+ Ke5 31. Ke3 g5 32. Nxc6+ Nxc6 33. Rxc6 Rb8 34. b3 Rf8 35. Nd2 Rh8 36. a4 Kd5 37. Rb6 Bh1 38. a5 Bg2 39. a6 Kc5 40. Rb7 Kd5 41. b4 Re8+ 42. Kf2 Bh3 43. a7 Ra8 44. b5 Bc8 45. Rc7 Kd4 46. b6 1-0

[Event "GER-ch62 V04 email"]
[Site "GER email"]
[Date "2011.??.??"]
[Round "?"]
[White "Meller, Edwin"]
[Black "Mair, Egon"]
[Result "1-0"]
[WhiteElo "2188"]
[BlackElo "1829"]
[PlyCount "53"]
[EventDate "2011.01.01"]
[EventType "tourn (corr)"]
[EventRounds "6"]
[EventCountry "GER"]
[SourceTitle "Corr 2015"]
[Source "ChessBase"]
[SourceDate "2015.07.17"]
[SourceVersion "1"]
[SourceVersionDate "2015.07.17"]
[SourceQuality "1"]

1. d4 d5 2. Nf3 Nf6 3. g3 Bf5 4. Bg2 e6 5. 0-0 Nbd7 6. c4 c6 7. cxd5 cxd5 8. Nc3 Be7 9. Nh4 Be4 10. f3 Bg6 11. e4 dxe4 12. Nxg6 hxg6 13. fxe4 e5 14. Be3 Qb6 15. Bf2 Qxb2 16. Nd5 Nxd5 17. exd5 exd4 18. Rb1 Qxa2 19. Rxb7 Qa6 20. Qxd4 Qxb7 21. d6 Qb5 22. Re1 Rb8 23. Qxg7 Qh5 24. Rxe7+ Kd8 25. h4 Qd1+ 26. Re1 Qxd6 27. Qxh8+ 1-0

[Event "GER OL-258 email"]
[Site "GER email"]
[Date "2010.11.07"]
[Round "?"]
[White "Mark, Thomas"]
[Black "Mair, Egon"]
[Result "0-1"]
[WhiteElo "1640"]
[BlackElo "1829"]
[PlyCount "62"]
[EventDate "2010.11.01"]
[EventType "tourn (corr)"]
[EventRounds "6"]
[EventCountry "GER"]
[SourceTitle "Corr 2015"]
[Source "ChessBase"]
[SourceDate "2015.07.17"]
[SourceVersion "1"]
[SourceVersionDate "2015.07.17"]
[SourceQuality "1"]
[WhiteTeam "Germany"]
[WhiteTeamCountry "GER"]

1. d4 Nf6 2. c4 c5 3. d5 b5 4. cxb5 a6 5. bxa6 Bxa6 6. Nc3 g6 7. Nf3 d6 8. Bd2 Bg7 9. g3 Nbd7 10. Bg2 Qb8 11. Rb1 Bc4 12. 0-0 Bxa2 13. Nxa2 Rxa2 14. Bc3 0-0 15. b4 Qa7 16. bxc5 Qxc5 17. Bxf6 Nxf6 18. Ng5 Bh6 19. h4 Bg7 20. e3 h6 21. Nh3 Rfa8 22. Qd3 R8a3 23. Rb3 Rxb3 24. Qxb3 Qc2 25. Qxc2 Rxc2 26. Rb1 Rd2 27. Rb8+ Kh7 28. e4 Rd1+ 29. Bf1 Nxe4 30. Kg2 Bf6 31. Rb3 Rxf1 0-1

[Event "GER OS-139 email"]
[Site "GER email"]
[Date "2010.10.18"]
[Round "?"]
[White "Mair, Egon"]
[Black "Krause, Norbert"]
[Result "0-1"]
[WhiteElo "1719"]
[BlackElo "1696"]
[PlyCount "52"]
[EventDate "2010.10.22"]
[EventType "tourn (corr)"]
[EventRounds "6"]
[EventCountry "GER"]
[SourceTitle "Corr 2013"]
[Source "ChessBase"]
[SourceDate "2012.11.12"]
[SourceVersion "1"]
[SourceVersionDate "2012.11.12"]
[SourceQuality "1"]

1. e4 e5 2. Nf3 Nc6 3. Bc4 Bc5 4. c3 Nf6 5. b4 Bb6 6. d3 d5 7. exd5 Nxd5 8. a4 a6 9. a5 Ba7 10. Qb3 Be6 11. Ng5 0-0 12. 0-0 Nce7 13. Nxe6 fxe6 14. Nd2 c6 15. Nf3 Rxf3 16. gxf3 Nf5 17. Bxd5 exd5 18. Qd1 Qh4 19. Kh1 Qh3 20. Qe2 Nh4 21. Rg1 Nxf3 22. Rg2 Rf8 23. Be3 Bb8 24. b5 e4 25. Bd4 g6 26. dxe4 Bxh2 0-1

[Event "GER OS-139 email"]
[Site "GER email"]
[Date "2010.10.18"]
[Round "?"]
[White "Wiese, Uwe"]
[Black "Mair, Egon"]
[Result "1/2-1/2"]
[WhiteElo "1813"]
[BlackElo "1719"]
[PlyCount "89"]
[EventDate "2010.10.22"]
[EventType "tourn (corr)"]
[EventRounds "6"]
[EventCountry "GER"]
[SourceTitle "Corr 2013"]
[Source "ChessBase"]
[SourceDate "2012.11.12"]
[SourceVersion "1"]
[SourceVersionDate "2012.11.12"]
[SourceQuality "1"]

1. f4 d5 2. Nf3 Nf6 3. e3 g6 4. c4 Bg7 5. cxd5 Nxd5 6. Nc3 0-0 7. Be2 c5 8. 0-0 Nc6 9. Qa4 Ndb4 10. a3 Nd3 11. Bxd3 Qxd3 12. Ne1 Qd6 13. Ne4 Qd5 14. Nc3 Qd7 15. Nf3 Rd8 16. b4 Qf5 17. b5 Nb8 18. Bb2 b6 19. Rad1 Bb7 20. Qb3 e6 21. h3 h6 22. d3 Nd7 23. Rf2 Nf6 24. Ne5 Ne8 25. e4 Qf6 26. a4 Qe7 27. a5 bxa5 28. Na4 Bxe5 29. Bxe5 c4 30. dxc4 Bxe4 31. c5 a6 32. Rxd8 Rxd8 33. bxa6 Bc6 34. Rb2 g5 35. fxg5 Qxg5 36. Re2 Qc1+ 37. Kh2 Rd1 38. Qe3 Rh1+ 39. Kg3 Bxa4 40. Qe4 Qa3+ 41. Re3 Qb4 42. a7 Qxe4 43. Rxe4 Bc6 44. Rd4 Re1 45. Rd8 1/2-1/2

[Event "GER OS-136 email"]
[Site "GER email"]
[Date "2010.07.18"]
[Round "?"]
[White "Mair, Egon"]
[Black "Wilmes, Frank"]
[Result "0-1"]
[WhiteElo "1719"]
[BlackElo "1780"]
[PlyCount "118"]
[EventDate "2010.07.25"]
[EventType "tourn (corr)"]
[EventRounds "6"]
[EventCountry "GER"]
[SourceTitle "Corr 2013"]
[Source "ChessBase"]
[SourceDate "2012.11.12"]
[SourceVersion "1"]
[SourceVersionDate "2012.11.12"]
[SourceQuality "1"]

1. d4 Nf6 2. c4 c5 3. d5 b5 4. cxb5 a6 5. bxa6 g6 6. Nc3 Bxa6 7. Nf3 d6 8. e4 Bxf1 9. Kxf1 Bg7 10. Bg5 0-0 11. Qd2 Nbd7 12. Ke2 Qb6 13. Rhc1 Qa6+ 14. Ke1 Rfb8 15. Rc2 Ng4 16. h3 Nge5 17. Nxe5 Nxe5 18. Rd1 Nc4 19. Qc1 Rb4 20. b3 Na3 21. Re2 c4 22. Nb1 cxb3 23. axb3 Nb5 24. Be3 Rxb3 25. Rc2 Be5 26. Rc6 Qa2 27. Bh6 Na7 28. Rc2 Bb2 29. Qd2 Nb5 30. Be3 Qa1 31. Rc6 Qa4 32. Qc2 Nd4 33. Bxd4 Bxd4 34. Rc4 Qa5+ 35. Nd2 Rb2 36. Qd3 Bc5 37. Rc2 Qb4 38. Rxb2 Qxb2 39. Rb1 Qf6 40. Qf3 Qd4 41. Qe3 Qxe3+ 42. fxe3 Bxe3 43. Nc4 Bd4 44. Kd2 Ra2+ 45. Kd3 Bf6 46. Ne3 Ra3+ 47. Ke2 Bg5 48. Nd1 Kg7 49. Rb4 Kf6 50. Nf2 Re3+ 51. Kf1 h5 52. Nd1 Rd3 53. Nf2 Ra3 54. Ke2 Re3+ 55. Kf1 Ke5 56. Ra4 Kf4 57. Rc4 Ra3 58. Rc1 Bf6 59. Re1 Bd4 0-1

[Event "GER OL-257 email"]
[Site "GER email"]
[Date "2010.??.??"]
[Round "?"]
[White "Stevens, Michael"]
[Black "Mair, Egon"]
[Result "0-1"]
[WhiteElo "1474"]
[BlackElo "1829"]
[PlyCount "54"]
[EventDate "2010.09.16"]
[EventType "tourn (corr)"]
[EventRounds "6"]
[EventCountry "GER"]
[SourceTitle "Corr 2015"]
[Source "ChessBase"]
[SourceDate "2015.07.17"]
[SourceVersion "1"]
[SourceVersionDate "2015.07.17"]
[SourceQuality "1"]
[WhiteTeam "Germany"]
[WhiteTeamCountry "GER"]

1. c4 e5 2. Nc3 Nf6 3. Nf3 e4 4. Ng5 b5 5. d3 exd3 6. cxb5 h6 7. Nf3 dxe2 8. Bxe2 Bc5 9. 0-0 0-0 10. Ne5 Bb7 11. Bf3 d5 12. Nd3 Nbd7 13. Re1 Re8 14. Rxe8+ Qxe8 15. Bf4 Bb6 16. Qe1 g5 17. Be5 g4 18. Bxf6 gxf3 19. Be7 d4 20. Na4 fxg2 21. Nxb6 axb6 22. Qe2 Nf8 23. Nf4 Qd7 24. Nh5 Qf5 25. Nf6+ Kg7 26. Bxf8+ Kxf8 27. Ng4 h5 0-1

[Event "GER HL-174 email"]
[Site "GER email"]
[Date "2009.??.??"]
[Round "?"]
[White "Ganzer, Michael"]
[Black "Mair, Egon"]
[Result "1-0"]
[WhiteElo "1578"]
[BlackElo "1829"]
[PlyCount "143"]
[EventDate "2009.??.??"]
[EventType "tourn (corr)"]
[EventRounds "6"]
[EventCountry "GER"]
[SourceTitle "Corr 2020"]
[Source "ChessBase"]
[SourceDate "2019.09.30"]
[SourceVersion "1"]
[SourceVersionDate "2019.09.30"]
[SourceQuality "1"]

1. e4 d5 2. exd5 Qxd5 3. Nc3 Qa5 4. Nf3 Bg4 5. h3 Bh5 6. g4 Bg6 7. d4 Nd7 8. Nd2 c6 9. Nc4 Qc7 10. Qf3 f6 11. Bf4 e5 12. Bg3 Bxc2 13. dxe5 fxe5 14. Qe2 Bg6 15. Nxe5 Nxe5 16. Bxe5 Qe7 17. 0-0-0 Nf6 18. f4 Nd7 19. Ne4 Bxe4 20. Qxe4 Nxe5 21. fxe5 g6 22. Bc4 Bh6+ 23. Kb1 Rd8 24. Rhe1 Rf8 25. e6 Rd6 26. Qe5 Bf4 27. Qc3 a6 28. Rxd6 Bxd6 29. Rd1 Qc7 30. Qd2 Bc5 31. g5 Rf4 32. Qc3 Bd6 33. Be2 c5 34. Bf3 Be5 35. Qe3 Rd4 36. Rf1 Bf4 37. Qb3 b5 38. e7 c4 39. Qc3 Be5 40. Qe3 Qxe7 41. Re1 Bd6 42. Qc3 Be5 43. Re3 Kd7 44. Qe1 Qf7 45. Bg4+ Rxg4 46. hxg4 Bd6 47. Qh1 Kc7 48. Re1 Kb6 49. Qa8 Qf4 50. Qd8+ Kc6 51. Rd1 Qe4+ 52. Ka1 Qe7 53. Qa8+ Kb6 54. Qf3 Kc7 55. Qf2 Kc6 56. Qf6 a5 57. Qf3+ Kb6 58. Qf2+ Kc6 59. Qd2 Bc7 60. Qd5+ Kb6 61. Rf1 a4 62. Rf6+ Ka7 63. a3 c3 64. Qd4+ Kb8 65. Qxc3 Qd7 66. Qf3 Qd4 67. Rf8+ Ka7 68. Rf7 Qc5 69. Rxh7 Qc1+ 70. Ka2 Qc4+ 71. Kb1 Kb8 72. Rg7 1-0

[Event "GER HL-173 email"]
[Site "GER email"]
[Date "2009.??.??"]
[Round "?"]
[White "Kocks, Friedhelm"]
[Black "Mair, Egon"]
[Result "1-0"]
[WhiteElo "2104"]
[BlackElo "1829"]
[PlyCount "73"]
[EventDate "2009.??.??"]
[EventType "tourn (corr)"]
[EventRounds "6"]
[EventCountry "GER"]
[SourceTitle "Corr 2020"]
[Source "ChessBase"]
[SourceDate "2019.09.30"]
[SourceVersion "1"]
[SourceVersionDate "2019.09.30"]
[SourceQuality "1"]

1. e4 d5 2. exd5 Qxd5 3. Nc3 Qa5 4. d4 Nf6 5. Nf3 Bg4 6. h3 Bh5 7. g4 Bg6 8. Ne5 e6 9. Bg2 c6 10. h4 Bb4 11. Bd2 Qb6 12. h5 Qxd4 13. Nf3 Qxg4 14. hxg6 Qxg6 15. Bf1 Nd5 16. Nxd5 cxd5 17. Bb5+ Nc6 18. c3 Bc5 19. Qe2 Qc2 20. b4 Bb6 21. Bd3 Qb2 22. 0-0 Qa3 23. Rfb1 Qa4 24. Be3 Bxe3 25. Bb5 Qa3 26. Rb3 Qxb3 27. axb3 Bb6 28. Ne5 Rc8 29. c4 dxc4 30. bxc4 Bd4 31. Bxc6+ bxc6 32. Ra6 Bxe5 33. Qxe5 0-0 34. Rxa7 g6 35. Qd6 Rfd8 36. Rd7 Rf8 37. Rc7 1-0